000 00623nam a2200217 a 4500
001 16378
003 CO-ViMGA
008 141112s2004 ck r 000 u spa d
020 _a9583002984
040 _aCO-ViMGA
_bspa
_cCO-ViMGA
082 0 4 _aCo863.44 G172
100 1 _aGarcía Giraldo, Alfredo
_923417
245 1 0 _aErase una vez entre los Chibchas
260 _aBogotá :
_bPanAméricana,
_c1997
300 _a116.p.
490 _aLiteratura juvenil
590 _aForma de adquisición : Premio - Mincultura
650 1 4 _aANTOLOGIA CHIBCHA
_923418
650 1 4 _aLITERATURA JUVENIL COLOMBIANA
_9372
942 _2ddc
_cBK
999 _c7830
_d7830